| 000 | 00000nam##2200000za#4500 |
| 001 | 9.605754 |
| 003 | CaOODSP |
| 005 | 20210624212257 |
| 007 | cr ||||||||||| |
| 008 | 150406|2000||||xxc|||||o f|0| 0 fre|d |
| 040 | |aCaOODSP|bfre |
| 043 | |an-cn--- |
| 086 | 1 |aSC91-4/2000F-PDF |
| 110 | 1 |aCanada.|bCentre canadien de gestion. |
| 245 | 10|aSeattle : |h[ressource électronique]|bdes leçons pour bien gouverner à l'avenir / |c[par] Pierre S. Pettigrew. |
| 260 | |aOttawa - Ontario : |bCentre canadien de gestion |c2000. |
| 300 | |a37p. |
| 490 | 1 |aConférence John L. Manion |
| 500 | |aLe numéro de catalogue et l'ISBN de l'édition imprimée apparaissent dans la version électronique. |
| 590 | |a13-15-Supp|b2013-06-24 |
| 691 | 07|aMondialisation|2gcpds |
| 691 | 07|aRelations commerciales|2gcpds |
| 691 | 07|aRelations extérieures|2gcpds |
| 775 | 08|tSeattle : |w(CaOODSP)9.576769 |
| 830 | #0|aConférence John L. Manion.|w(CaOODSP)9.501125 |
| 856 | 40|ahttp://publications.gc.ca|qPDF|s183 Ko|uhttps://publications.gc.ca/collections/Collection/SC91-4-2000F.pdf |